Warhammer 40k Astra Militarum 8th Edition Units - Statistics

General Stats
  • This quiz has been taken 70 times
  • The average score is 15 of 46
Answer Stats
Hint Answer % Correct
Regiment Cadian Shock Troops
79%
Heavy Support Leman Russ
74%
Dedicated Transport Chimera
68%
Lords of War Baneblade
66%
Elites Commissar
62%
Heavy Support Basilisk
57%
Regiment Catachan Jungle Fighters
55%
Flyer Valkyrie
51%
Fast Attack Scout/Armored Sentinel
49%
HQ Lord Castellan Creed
43%
HQ Commissar Yarrick
40%
Lords of War Banesword
38%
Regiment Tempestus Scions
38%
Elites Ogryns
36%
Lords of War Shadowsword
36%
Heavy Support Hydra
34%
Dedicated Transport Taurox
34%
Regiment Armageddon Steel Legion
32%
Regiment Mordian Iron Guard
32%
Lords of War Banehammer
30%
Heavy Support Manticore
30%
Regiment Vostroyan Firstborn
30%
Heavy Support Wyvern
30%
Lords of War Hellhammer
28%
Fast Attack Hellhound
28%
Elites Ratlings
28%
Lords of War Stormlord
28%
Regiment Valhallan Ice Warriors
28%
HQ Lord Commissar
23%
Elites Sly Marbo
23%
Lords of War Stormsword
23%
Elites Bullgryns
21%
Heavy Support Deathstrike
21%
Regiment Tallarn Desert Raiders
21%
Elites Color Sergeant Kell
19%
Elites Nork Deddog
19%
HQ Primaris Psyker
19%
HQ Colonel Straken
17%
HQ Knight Commander Pask
15%
Heavy Support Heavy Weapons Squad
13%
HQ Techpriest Enginseer
13%
Elites Snipers
11%
Elites Wyrdvane Psykers
11%
Elites Sergeant Harker
6%
Elites Regimental Advisors
2%
Elites Severina Raine
2%
No matching quizzes found
Score Distribution
Percent of People with Each Score
Percentile by Number Answered
Your Score History
You have not taken this quiz